000 00542nam a22001217a 4500
999 _c67288
_d67285
100 _aPunhal Khan
_a16MEEE09
_aSupervisor - Dr. Abdul Qayoom Jakhrani
245 _aAnalysis and Sustainable Utilization of Flue Gases Emitted from Diesel Generators in Drilling Operations
260 _aNawabshah
_bQUEST
_c2020
300 _a28p.
650 _aFlue Gases
_aAnalysis and Sustainable Utilization
_aDiesel Generators in Drilling Operations
_aDepartment of Energy and Environment Engineering
856 _uhttp://tinyurl.com/5a9sta2w
942 _cTHESIS